000 01608cam a2200337 i 4500
999 _c355675
_d355675
001 18034543
003 Nust- CAS-E
005 20180118182444.0
008 140207t20142014flua b 001 0 eng
010 _a 2013050612
020 _a9781138001183 (hardback : alk. paper)
020 _a113800118X (hardback : alk. paper)
020 _z9781315778716 (e-book PDF)
040 _aDLC
_beng
_cDLC
_erda
_dDLC
042 _apcc
050 0 0 _aS494.5.E5
_bS87 2014
082 0 0 _a338.1
_223
_bSUS 2014
245 0 0 _aSustainable energy solutions in agriculture /
_ceditors, Jochen Bundschuh, University of Southern Queensland, Faculty of Health, Engineering and Sciences & National Centre for Engineering in Agriculture, Toowoomba, Queensland, Australia & Royal Institute of Technology, Stockholm, Sweden, Guangnan Chen, University of Southern Queensland, Faculty of Health, Engineering and Sciences & National Centre for Engineering in Agriculture, Toowoomba, Queensland, Australia.
300 _axxxix, 453 pages :
_bcolor illustrations ;
_c26 cm.
490 0 _aSustainable energy developments,
_x2164-0645 ;
_vvolume 8
500 _a"A Balkema book."
502 _a0
504 _aIncludes bibliographical references and index.
650 0 _aAgriculture
_xEnergy consumption.
_98941
650 0 _aAgriculture
_xEnergy conservation.
_98942
700 1 _aBundschuh, Jochen.
_98450
700 1 _aChen, Guangnan,
_d1962-
_98943
906 _a7
_bcbc
_corignew
_d1
_eecip
_f20
_gy-gencatlg
942 _2ddc
_cBK